| 000 | 00450nam#a22001815ar4500 | ||
|---|---|---|---|
| 001 | 111 | ||
| 008 | 051109s2007####ag#####g|####o||0#|#spa|d | ||
| 245 | 1 | 4 |
_aLos árboles mueren de pie / _cAlejandro Casona. |
| 250 | _a1ª ed. | ||
| 260 |
_aBuenos Aires : _bLosada, _c2007. |
||
| 300 |
_a160 p. ; _c15 cm. |
||
| 100 | 1 | _aCasona, Alejandro. | |
| 653 | _aTeatro | ||
| 040 |
_aAR-ClEAG _cAR-ClEAG |
||
| 005 | 20241107184625.0 | ||
| 003 | AR-ClEAG | ||
| 942 | _cBK | ||
| 999 |
_c111 _d111 |
||
| 980 |
_62 _aEvangelina Gallicchio _82 _gEvangelina Gallicchio |
||